Loading...
| Current Events | 1 | 10.00 | 100% | 0% | 0% |
| Fine Arts - Classical Music | 2 | 10.00 | 100% | 0% | 0% |
| Fine Arts - Other Fine Arts | 2 | 10.00 | 100% | 0% | 0% |
| Fine Arts - Painting and Sculpture | 4 | 7.50 | 75% | 0% | 0% |
| Geography | 1 | 10.00 | 0% | 100% | 0% |
| History - American History | 3 | 6.67 | 33% | 0% | 33% |
| History - European History | 3 | 3.33 | 33% | 0% | 0% |
| History - Other History | 4 | 10.00 | 100% | 0% | 0% |
| History - World History | 4 | 5.00 | 50% | 0% | 0% |
| Literature - American Literature | 3 | 10.00 | 100% | 0% | 0% |
| Literature - British Literature | 1 | 10.00 | 100% | 0% | 0% |
| Literature - European Literature | 3 | 6.67 | 67% | 0% | 0% |
| Literature - World Literature | 5 | 10.00 | 80% | 20% | 0% |
| Mythology | 3 | 6.67 | 67% | 0% | 0% |
| Philosophy | 4 | 10.00 | 75% | 25% | 0% |
| Pop Culture | 1 | 10.00 | 100% | 0% | 0% |
| Religion | 3 | 6.67 | 67% | 0% | 0% |
| Science - Biology | 3 | 10.00 | 100% | 0% | 0% |
| Science - Chemistry | 4 | 5.00 | 25% | 25% | 0% |
| Science - Other Science | 4 | 2.50 | 25% | 0% | 0% |
| Science - Physics | 2 | 0.00 | 0% | 0% | 0% |
| Social Science | 4 | 7.50 | 75% | 0% | 0% |